Libro sobre el alma

Saved in:
Bibliografiske detaljer
Hovedforfatter: Avempace (Author)
Format: Bog
Sprog:spansk
Udgivet: Madrid Trotta 2007
Udgivelse:1a. ed
Serier:Al Andalus
Fag:
Tags: Tilføj Tag
Ingen Tags, Vær først til at tagge denne postø!

MARC

LEADER 00000cam a2200000 a 4500
001 UCE8817
003 CL-VaPUC
008 150904e20070000sp |||||||||||||||||spa|d
020 |a 9788481649475 
082 0 4 |a 181.92  |b AVE  |2 21 
100 0 |a Avempace  |e author  |9 569537 
245 1 0 |a Libro sobre el alma 
246 1 0 |a Kitab al-nafs 
250 |a 1a. ed 
300 |a 143 p 
942 |c BK 
945 |d 20150904 11:50:00  |a dcastane 
260 |a Madrid  |b Trotta  |c 2007 
650 7 |a FILOSOFIA ARABE  |2 CL-VaPUC  |9 307956 
650 0 |a Aristotelismo  |9 347069 
583 |a last modification  |c 20150904 11:50:00  |k Rodrigo Vera 
490 0 |a Al Andalus 
999 |c 360586  |d 360584 
952 |0 0  |1 0  |3 erb  |4 0  |6 181_920000000000000_AVE_2007  |7 0  |8 A  |9 470455  |a BIBEDU  |b BIBEDU  |i 5197139  |o 181.92 AVE 2007  |p 5197139  |r 2019-11-23  |w 2019-11-23  |y BK  |z Catalogado en:20150904  |k FIL